• 首页
  • 本馆介绍
  • 公告通知
  • 最新文献
  • 馆藏检索
  • 电子资源
  • 读者导购
  • 参考咨询
  • 我的图书馆
  • 登录
  • 详细信息显示
  • 放入我的书架
  • 预约/预借图书
  • 作者相关作品
  • 分类相关作品
  • 丛书相关作品
  • 出版社相关作品

书目信息

  • 表格格式
  • 工作单格式
  • 卡片格式
题名:
投资理念制胜
    
 
作者: 利巴朗 , 瓦迪伦格姆 著 ;金彦 译
分册:  
出版信息: 北京   中国标准出版社  2000.8
页数: 345页
开本: 20cm
丛书名: 科学证券点金丛书
单 册:
中图分类: F830.59
科图分类:
主题词: 投资
电子资源:
ISBN: 7-5066-2245-9
000 00827nam2 2200253 45
001 0203251402
005 20041209155853.5
010    @a7-5066-2245-9@dCNY22.80
100    @a20020325d2000 km y0chiy0120 ea
101 0  @achi@ceng
105    @a z 000yy
200 1  @a投资理念制胜@ATou Zi Li Nian Zhi Sheng@e金融大师论投资@EJin Rong Da Shi Lun Tou Zi@f(美)迪恩·利巴朗,罗迈什·瓦迪伦格姆著@F(Mei)Di En·Li Ba Lang,Luo Mai Shen·Wa Di Lun Ge Mu Zhu@g金彦等译
210    @a北京@c中国标准出版社@d2000.8
215    @a345页@d20cm
225    @a科学证券点金丛书
410    @12001 @a科学证券点金丛书
517    @a金融大师论投资
606 0  @a投资
690    @aF830.59@v4
701  0 @a利巴朗@4著
701  0 @a瓦迪伦格姆@4著
702  0 @a金彦@AJin Yan@4译
801    @aCN@bTSTC@c20020325
905    @b307155-159@dF830.59@e17@f5
    
    投资理念制胜:金融大师论投资/(美)迪恩·利巴朗,罗迈什·瓦迪伦格姆著/金彦等译.-北京:中国标准出版社,2000.8
    345页;20cm.-(科学证券点金丛书)
    
    
    ISBN 7-5066-2245-9:CNY22.80
    
●
相关链接 在E读中查询图书 在五车中查询图书 在当当中查询图书 在豆瓣中查询图书


正题名:投资理念制胜     索取号:F830.59/17         预约/预借

序号 登录号 条形码 馆藏地/架位号 状态 备注
1 0307155   203071558   第一借阅区/ [索取号:F830.59/17] 在馆    
2 0307156   203071567   第一借阅区/ [索取号:F830.59/17] 在馆    
3 0307157   203071576   第一借阅区/ [索取号:F830.59/17] 在馆    
4 0307158   203071585   第一借阅区/ [索取号:F830.59/17] 在馆    
5 0307159   203071594   第一样本阅览室/ [索取号:F830.59/17] 在馆    
唐山师范学院图书馆 欢迎您!
大连网信软件有限公司© 版权所有